000 00671nam a2200265Ia 4500
005 20260121172155.0
008 008 260114s9999 xx 000 0 eng d
020 _a9789811586255
037 _aEBOOK
040 _aCRL
040 _beng
040 _cCRL
041 _2eng
041 _aeng
084 _qCRL
100 _aVinod Kumar Jain, Sunita Rattan, Abhishek Verma
_91085166
245 0 _aRecent Trends in Materials and Devices
260 _bSpringer
260 _bSpringer
260 _c2020
856 _uhttps://link.springer.com/openurl?genre=book&isbn=978-981-15-8625-5
942 _cEBOOK
999 _c1650903
_d1650903